Loading...
| History - Other | 0 | 2 | 0 | 0 | 20 | 52 | 55.00 | 2 | 2 | 9.34 | 18.18 |
| Science - Physics | 0 | 2 | 0 | 0 | 20 | 41 | 43.00 | 0 | 2 | 11.04 | 11.36 |
| Science - Chemistry | 0 | 2 | 1 | 0 | 15 | 63 | 64.00 | 1 | 2 | 6.57 | 15.91 |
| Literature - European | 0 | 1 | 0 | 0 | 10 | 22 | 22.00 | 1 | 1 | 7.34 | 9.09 |
| Current Events | 0 | 1 | 0 | 0 | 10 | 90 | 90.00 | 0 | 1 | 3.49 | 15.00 |
| Philosophy | 0 | 1 | 1 | 1 | 5 | 110 | 110.00 | 0 | 1 | 0.00 | 5.56 |
| Popular Culture | 0 | 1 | 1 | 1 | 5 | 116 | 116.00 | 0 | 0 | 0.00 | 4.17 |
| History - World | 0 | 1 | 1 | 0 | 5 | 16 | 16.00 | 1 | 1 | 7.72 | 9.09 |
| Fine Arts - Other | 0 | 0 | 0 | 0 | 0 | 0.00 | 0 | 0 | 0.00 | 0.00 | |
| History - European | 0 | 1 | 2 | 0 | 0 | 69 | 69.00 | 0 | 1 | 2.62 | 4.55 |
| Science - Biology | 0 | 0 | 1 | 0 | -5 | 0.00 | 0 | 0 | 0.00 | 0.00 |